[Event "DEN-chT 9697"]
[Site "?"]
[Date "1996.??.??"]
[Round "1"]
[White "Olsen, Nils Linde"]
[Black "Bekker Jensen, David"]
[Result "1/2-1/2"]
[WhiteElo "2285"]
[BlackElo "2190"]

1.d4 Nf6 2.Nf3 g6 3.c4 Bg7 4.Nc3 O-O 5.e4 d6 6.Be2 e5 7.O-O Na6 8.d5 Nc5
9.Qc2 a5 10.Bg5 h6 11.Be3 Nh5 12.g3 Bh3 13.Rfe1 f5 14.Nh4 f4 15.Bxc5 dxc5
16.Bxh5 gxh5 17.d6 Qxd6 18.Rad1 Qe6 19.Nb5 Rac8 20.Rd2 Bf6 21.Nf5 Bg5 22.Rd5 Bxf5
23.exf5 Rxf5 24.Qe4 c6 25.Nd6 cxd5 26.Qxf5 Qxf5 27.Nxf5 fxg3 28.hxg3 dxc4
29.Nd6 Rc7 30.Nxc4 a4 31.Rxe5 Bf6 32.Rf5 Kf7 33.b3 b5 34.Nd6+ Ke7 35.Rxf6 Rc6
36.Rxh6 Rxd6 37.Rxh5 Rc6 38.bxa4 bxa4 39.Kf1 c4 40.Ke2 Rb6 41.Rc5 Rb2+ 42.Ke3 Rc2
43.a3 Kd6 44.Ra5 Rc3+ 45.Kd4 Rxa3 46.Ra6+ Ke7 47.Kxc4 Rf3 48.Rxa4 Rxf2 49.Kd5 Kf6
50.Ra8 Re2 51.Rf8+ Kg5 52.Rg8+ Kf5 53.g4+ Kf4 54.g5 Re5+  1/2-1/2

[Event "DEN-chT 9697"]
[Site "?"]
[Date "1996.??.??"]
[Round "3"]
[White "Borbjerggaard, Lars"]
[Black "Mortensen, Erling"]
[Result "0-1"]
[WhiteElo "2220"]
[BlackElo "2445"]

1.d4 Nf6 2.c4 g6 3.Nc3 Bg7 4.e4 d6 5.Nf3 O-O 6.Be2 Nbd7 7.O-O e5 8.Be3 Ng4
9.Bg5 f6 10.Bc1 c6 11.h3 Nh6 12.dxe5 dxe5 13.Be3 f5 14.Bg5 Qe8 15.Qc2 Nf7
16.Bc1 f4 17.b3 Kh8 18.g4 h5 19.Nh2 Bf6 20.gxh5 Ng5 21.h6 Nxh3+ 22.Kg2 Ng5
23.Ba3 Be7 24.Bxe7 Qxe7 25.Bg4 Nf6 26.Bxc8 Raxc8 27.Rad1 Rcd8 28.f3 Ne6 29.Qf2 Nd4
30.Rd2 g5 31.Rfd1 Rg8 32.Kh1 g4 33.Qh4 gxf3 34.Rg1 Rxg1+  0-1

[Event "DEN-chT9596"]
[Site "DEN"]
[Date "1996.??.??"]
[Round "4"]
[White "Meyer, Lars A"]
[Black "Pedersen, Jan"]
[Result "0-1"]
[WhiteElo "2305"]
[BlackElo "2340"]

1.Nf3 Nf6 2.d4 g6 3.c4 Bg7 4.Nc3 O-O 5.e4 d6 6.Be2 e5 7.dxe5 dxe5 8.Qxd8 Rxd8
9.Bg5 Nbd7 10.O-O-O Rf8 11.Be3 c6 12.Nd2 Re8 13.c5 Bf8 14.b4 a5 15.a3 axb4
16.axb4 b6 17.b5 Nxc5 18.bxc6 Be6 19.Bg5 Ng4 20.Bxg4 Bxg4 21.Nf3 Rec8 22.c7 Bxf3
23.gxf3 Rxc7 24.Nd5 Rca7 25.Nxb6 Ra1+ 26.Kc2 R8a2+ 27.Kc3 Rxd1 28.Rxd1 Rxf2
29.Kc4 Rxf3 30.Bc1 Nxe4 31.Bb2 Nd6+ 32.Kd5 Rb3  0-1

[Event "DEN-chT9596"]
[Site "DEN"]
[Date "1996.??.??"]
[Round "7"]
[White "Hartung Nielsen, Jens"]
[Black "Borbjerggaard, Lars"]
[Result "1/2-1/2"]
[WhiteElo "2260"]
[BlackElo "2180"]

1.d4 Nf6 2.Nf3 g6 3.c4 Bg7 4.Nc3 O-O 5.e4 d6 6.Be2 e5 7.Be3 exd4 8.Nxd4 Re8
9.f3 Nc6 10.Qd2 Nh5 11.O-O Nxd4 12.Bxd4 Nf4 13.Be3 Nxe2+ 14.Nxe2 f5 15.Bg5 Bf6
16.Bxf6 Qxf6 17.Nc3 Be6 18.b3 Qg7 19.exf5 Bxf5 20.Rfe1 Bd7 21.Rad1 Bc6 22.Nd5 Kh8
23.Kf2 b5 24.cxb5 Bxb5 25.Rc1 Rxe1 26.Rxe1 Re8 27.Rxe8+ Bxe8 28.b4 c6 29.Nc3 Bd7
30.Ne2 Qe5 31.f4 Qf6 32.Qc3 Qxc3 33.Nxc3 Kg7 34.a3 Kf6 35.Ne4+ Ke7 36.g4 h6
37.Ke3 Be6 38.h3 Bd5 39.Ng3 Kf6 40.h4 a6 41.Kd4  1/2-1/2

[Event "Dresden op"]
[Site "Dresden"]
[Date "1996.??.??"]
[Round "3"]
[White "Chuchelov, Vladimir"]
[Black "Pachow, Joerg"]
[Result "0-1"]
[WhiteElo "2490"]
[BlackElo "2330"]

1.Nf3 Nf6 2.c4 g6 3.Nc3 Bg7 4.e4 d6 5.d4 O-O 6.Be2 e5 7.O-O exd4 8.Nxd4 Re8
9.f3 Nc6 10.Be3 Nh5 11.f4 Nf6 12.Bf3 Rb8 13.Qd2 Bg4 14.Nxc6 bxc6 15.Rad1 Bxf3
16.gxf3 Nh5 17.b3 Qh4 18.Ne2 f5 19.Bxa7 Ra8 20.Bf2 Qh3 21.Ng3 Nxf4 22.Be3 Nh5
23.Nxh5 gxh5 24.exf5 Be5 25.Rf2 Kf7 26.Bf4 Rxa2 27.Qxa2 Bxf4 28.Rg2 Qxf3
29.Qc2 h4 30.h3 Qxh3 31.Rd3 Re1+ 32.Kf2 Be3+  0-1

[Event "Asia-ch"]
[Site "Dubai"]
[Date "1996.??.??"]
[Round "?"]
[White "Kakageldyev, Amanmurad"]
[Black "Al Modiahki, Mohamad"]
[Result "1/2-1/2"]
[WhiteElo "2475"]
[BlackElo "2425"]

1.d4 Nf6 2.c4 g6 3.Nc3 Bg7 4.e4 d6 5.Nf3 O-O 6.Be2 e5 7.Be3 Ng4 8.Bg5 f6
9.Bh4 g5 10.Bg3 Nh6 11.dxe5 dxe5 12.Qxd8 Rxd8 13.Nd5 Na6 14.O-O-O Be6 15.h4 g4
16.Nh2 c6 17.Ne3 Nc5 18.f3 gxf3 19.gxf3 f5 20.Rhg1 Kf8 21.exf5 Nxf5 22.Nxf5 Bxf5
23.Ng4 h5 24.Rxd8+ Rxd8 25.Nxe5 Bh6+ 26.f4 Rd4 27.Nf3 Bxf4+ 28.Bxf4 Rxf4
29.Kd2 Ke7 30.Rg5 Ne4+ 31.Ke3 Rxf3+ 32.Bxf3 Nxg5 33.hxg5 h4 34.Kf4 Be6 35.g6 h3
36.Kg3 Kf6 37.Be4 Kg7  1/2-1/2

[Event "Asia-ch"]
[Site "Dubai"]
[Date "1996.??.??"]
[Round "?"]
[White "Haque, Rezaul"]
[Black "Hoang Than Trang"]
[Result "0-1"]
[WhiteElo "2135"]
[BlackElo "2360"]

1.d4 Nf6 2.c4 g6 3.Nc3 Bg7 4.e4 d6 5.Nf3 O-O 6.Be2 Nbd7 7.O-O e5 8.Re1 exd4
9.Nxd4 Nc5 10.Bf1 Re8 11.f3 a5 12.Ndb5 Bd7 13.Be3 Ne6 14.Qd2 Bc6 15.Rad1 Nd7
16.b3 b6 17.a3 Bb7 18.b4 axb4 19.axb4 Ne5 20.Nd4 Nxd4 21.Bxd4 Qh4 22.Bf2 Qd8
23.Nd5 Ra3 24.Be2 Bc8 25.Kh1 f5 26.Bd4 fxe4 27.Qb2 exf3 28.gxf3 Nxf3 29.Bxg7 Qh4
30.Bf1 Rxe1 31.Bf6 Qe4 32.Bc3 Nd2+ 33.Kg1 Qg4+ 34.Kf2 Qxd1 35.Bd3 Rf1+  0-1

[Event "Asia-ch"]
[Site "Dubai"]
[Date "1996.??.??"]
[Round "?"]
[White "Ali, Bin Ali"]
[Black "Yung, Lau"]
[Result "0-1"]
[WhiteElo "2175"]
[BlackElo "2030"]

1.d4 Nf6 2.c4 d6 3.Nc3 g6 4.e4 Bg7 5.Be2 O-O 6.Nf3 e5 7.Be3 Nc6 8.h3 Re8
9.d5 Ne7 10.O-O Nd7 11.g4 f5 12.gxf5 gxf5 13.Bg5 f4 14.Kh2 Nf6 15.Rg1 Kh8
16.Qd3 Ng6 17.Rg2 Qd7 18.Rh1 Rf8 19.Kg1 Qf7 20.h4 h6 21.h5 Ne7 22.Bh4 Bd7
23.Nd2 a6 24.Kf1 b5 25.Ke1 Rab8 26.b3 Rg8 27.Rhg1 Kh7 28.Bxf6 Bxf6 29.Bg4 Bxg4
30.Rxg4 Rxg4 31.Rxg4 Qxh5 32.Qf3 Qf7 33.Qd3 b4 34.Ne2 Rg8 35.Qh3 Rxg4 36.Qxg4 Qf8
37.Qd7 Qc8 38.Qa4 c5 39.dxc6 Nxc6 40.a3 bxa3 41.Qxa3 Be7 42.Qa1 Nb4 43.Qc3 a5
44.Qf3 Qg8 45.Qh3 Qf7 46.Nc3 Nc2+ 47.Kd1 Nd4 48.Ne2 Qe6 49.Qg2 Qg6 50.Qh3 h5
51.Nxd4 exd4 52.f3 d3 53.Qf1 h4 54.Qxd3 h3 55.Nf1 Kh6 56.Qd2 Qg5 57.Qb2 Bf6
58.Qd2 Be5 59.Qe2 Qg2 60.Nh2 Kh5 61.Ng4 Kh4 62.Qe1+ Qg3 63.Qe2 Bc3 64.Nh2 Qg1+
65.Nf1  0-1

[Event "Asia-ch"]
[Site "Dubai"]
[Date "1996.??.??"]
[Round "?"]
[White "Haque, Rezaul"]
[Black "Theerapappisit, Wisuwat"]
[Result "1/2-1/2"]
[WhiteElo "2135"]
[BlackElo "2075"]

1.d4 Nf6 2.c4 g6 3.Nc3 Bg7 4.e4 d6 5.Nf3 O-O 6.Be2 e5 7.d5 Nbd7 8.Nd2 Ne8
9.g4 c6 10.h4 f5 11.gxf5 gxf5 12.exf5 Nb6 13.Nde4 Bxf5 14.Bg5 Qd7 15.Qd2 Rc8
16.Ng3 cxd5 17.cxd5 Nc4 18.Bxc4 Rxc4 19.Qe2 Qc8 20.Nxf5 Rxf5 21.Bd2 Nf6 22.f3 e4
23.f4 Nxd5 24.Nxe4 Rc6 25.Rg1 Rf7 26.Qd3 Nxf4 27.Bxf4 Rxf4 28.Qd5+ Kh8 29.Rxg7 Rxe4+
30.Qxe4 Kxg7 31.Kd2 d5 32.Rg1+ Rg6 33.Qd4+ Kh6 34.Qf4+ Kg7  1/2-1/2

[Event "Asia-ch"]
[Site "Dubai"]
[Date "1996.??.??"]
[Round "?"]
[White "Hakki, Imad"]
[Black "Nenashev, Alexander"]
[Result "0-1"]
[WhiteElo "2365"]
[BlackElo "2595"]

1.Nf3 Nf6 2.c4 g6 3.Nc3 Bg7 4.e4 d6 5.d4 O-O 6.Be2 e5 7.O-O Nbd7 8.Qc2 c6
9.Rd1 exd4 10.Nxd4 Qe7 11.Rb1 Nc5 12.f3 Nh5 13.g4 Nf6 14.b4 Ne6 15.Be3 h5
16.h3 Nh7 17.Qd2 Qh4 18.Kg2 Nhg5 19.Rh1 Bxd4 20.Bxd4 Nxd4 21.Qxd4 Ne6 22.Qe3 Qf6
23.Rbd1 Nf4+ 24.Kg1 Be6 25.Qd4 Qe5 26.Kf2 Rfd8 27.Bf1 b6 28.Ne2 c5 29.bxc5 bxc5
30.Qd2 g5 31.Nxf4 gxf4 32.Be2 Rab8 33.Rb1 Kf8 34.Rhd1 Ke7 35.Kg2 Rh8 36.Qa5 Rxb1
37.Rxb1 hxg4 38.hxg4 Bxg4  0-1

[Event "Asia-ch"]
[Site "Dubai"]
[Date "1996.??.??"]
[Round "?"]
[White "Haque, Rezaul"]
[Black "Egorov, Evgeni"]
[Result "0-1"]
[WhiteElo "2135"]
[BlackElo "2380"]

1.d4 g6 2.c4 Bg7 3.Nf3 Nf6 4.Nc3 O-O 5.e4 d6 6.Be2 Nbd7 7.O-O e5 8.Re1 exd4
9.Nxd4 Re8 10.Bf1 Nc5 11.f3 a5 12.Ndb5 Bd7 13.Be3 b6 14.Qd2 Bc6 15.Rad1 Qc8
16.Qc2 Qb7 17.a3 a4 18.Bxc5 bxc5 19.Nxa4 Nd7 20.Nac3 Nf8 21.b4 Ne6 22.bxc5 dxc5
23.Rb1 Nd4 24.Qc1 Qc8 25.Kh1 Qd8 26.Nd5 Nxb5 27.cxb5 Bxd5 28.Rd1 Bd4 29.exd5 Re5
30.g3 Qxd5 31.Bg2 Re2 32.Re1 Rf2 33.Rf1 Ra2 34.Rd1 R8xa3 35.Qf4 Kg7 36.b6 cxb6
37.Rxb6 Re2 38.Rd6 Qe5 39.Qxe5+ Bxe5 40.Bf1 Rf2 41.R6d2 Raxf3 42.Bg2 Rf6
43.Bd5 h5 44.Bc4 h4 45.Rd5 Bd4 46.gxh4 R6f4 47.Rg5 Bf6 48.Rxc5 Rc2 49.h5 Rfxc4
50.Rxc4 Rxc4 51.hxg6 Kxg6 52.Rd2 Bg5 53.Ra2 Rd4 54.Ra6+ Kh5 55.Kg2 Kg4 56.Ra7 Rd2+
57.Kh1 f5 58.Ra3 Bf4 59.h3+ Kg5 60.Kg1  0-1

[Event "Asia-ch"]
[Site "Dubai"]
[Date "1996.??.??"]
[Round "?"]
[White "Mahmoud, Pe"]
[Black "Omearat, Adel"]
[Result "1-0"]
[WhiteElo "2220"]
[BlackElo "2260"]

1.d4 Nf6 2.c4 g6 3.Nc3 Bg7 4.e4 O-O 5.Nf3 d6 6.Be2 e5 7.O-O exd4 8.Nxd4 Re8
9.f3 Nc6 10.Be3 Nh5 11.f4 Nf6 12.Bf3 Bg4 13.Nxc6 Bxf3 14.Qxf3 bxc6 15.Rae1 Qb8
16.b3 Ng4 17.Bd2 f5 18.exf5 Qb6+ 19.Kh1 gxf5 20.h3 Nf6 21.Na4 Qb7 22.Bc3 Ne4
23.Bxg7 Kxg7 24.g4 c5 25.Kh2 Qc8 26.Rg1 Kf7 27.Rg2 Qd7 28.Rge2 c6 29.gxf5 d5
30.Qh5+ Kf8 31.Qh6+ Kg8 32.Rg2+ Kh8 33.Rxe4  1-0

[Event "Nord Cup 2nd"]
[Site "Duesseldorf"]
[Date "1996.??.??"]
[Round "1"]
[White "Schlecht, Daniel"]
[Black "Michaelis, Klaus"]
[Result "1-0"]
[WhiteElo "2220"]
[BlackElo "1750"]

1.d4 g6 2.Nf3 Bg7 3.c4 d6 4.Nc3 Nf6 5.e4 O-O 6.Be2 Nbd7 7.O-O e5 8.Be3 Ng4
9.Bg5 f6 10.Bc1 c6 11.h3 Nh6 12.dxe5 dxe5 13.Be3 Qc7 14.Qc2 b6 15.b4 f5 16.exf5 Nxf5
17.Bg5 Nf6 18.Rad1 Bb7 19.g4 Nd4 20.Nxd4 exd4 21.Rxd4 c5 22.bxc5 Qxc5 23.Be3 Qc6
24.f3 Rae8 25.Qd2 Re6 26.Bf2 Rfe8 27.Bd1 Nd7 28.Rxd7 Bxc3 29.Qd5 Ba6 30.Bb3 Kh8
31.Bd4+ Bxd4+ 32.Qxd4+  1-0

[Event "Nord Cup 2nd"]
[Site "Duesseldorf"]
[Date "1996.??.??"]
[Round "2"]
[White "Henrichs, Thomas"]
[Black "Kutzner, Joachim"]
[Result "1-0"]
[WhiteElo "2340"]
[BlackElo "1995"]

1.d4 Nf6 2.Nf3 g6 3.c4 Bg7 4.Nc3 O-O 5.e4 d6 6.Be2 e5 7.d5 a5 8.Bg5 Na6 9.Nd2 h6
10.Bh4 Bd7 11.O-O Qe8 12.Kh1 Nh7 13.b3 h5 14.f3 Bh6 15.a3 Be3 16.Qc2 Qb8
17.Rae1 Qa7 18.Nd1 Bd4 19.Qc1 Kg7 20.Bd3 Qc5 21.f4 exf4 22.Nf3 b5 23.Qxf4 bxc4
24.Bxc4 a4 25.Nxd4 Qxd4 26.Bf2 Qa1 27.e5 dxe5 28.Rxe5 Qxa3 29.Be3 Qd6 30.Qh6+ Kg8
31.Bd4 f6 32.Qxg6+ Kh8 33.Rxh5 Qe7 34.Bd3 Rf7 35.Rxf6 Qe1+ 36.Rf1+  1-0

[Event "Nord Cup 2nd"]
[Site "Duesseldorf"]
[Date "1996.??.??"]
[Round "3"]
[White "Mueller, A."]
[Black "Nowik, Volker"]
[Result "1/2-1/2"]
[WhiteElo "1900"]
[BlackElo "2170"]

1.d4 Nf6 2.c4 g6 3.Nc3 Bg7 4.e4 d6 5.Nf3 O-O 6.Be2 e5 7.O-O exd4 8.Nxd4 Re8
9.f3 Nc6 10.Be3 Nh5 11.f4 Nf6 12.Bf3 Bg4 13.Qd2 Qd7 14.Rae1 Bxf3 15.gxf3 Nh5
16.Nxc6 bxc6 17.Rd1 Qh3 18.Qg2 Qh4 19.f5 Be5 20.Ne2 Nf4 21.Nxf4 Bxf4 22.Bxf4 Qxf4
23.fxg6 hxg6 24.Qg3 Qe3+ 25.Qf2 Qf4 26.Qg3 Qf6 27.Rd2 Re5 28.Rg2 Kg7 29.Qf2 c5
30.Qe3 Rae8 31.Qd3 Rg5 32.Rf2 Qf4 33.Qd2 Rxg2+ 34.Kxg2 Qe5 35.Kg1 Rb8 36.b3 Rh8
37.Qb2 Qxb2 38.Rxb2 Kf6 39.f4 Rh3 40.Re2 Rf3 41.e5+ Kf5 42.exd6 cxd6 43.Re7 f6
44.Rxa7 Kxf4 45.Re7 Rd3 46.Re2 g5 47.Kg2 f5 48.Rb2 g4 49.a4 d5 50.cxd5 Rxd5
51.a5 Ke3 52.Ra2 Kd3 53.a6 Rd8 54.a7 Ra8 55.Ra4 Kc3 56.Rc4+ Kxb3 57.Rxc5 Rxa7
58.Rxf5 Rg7 59.Rf4 Kc3 60.Kg3 Kd3 61.Rxg4 Ra7 62.h4 Ke3 63.h5 Ra1 64.Kh4 Kf3
65.Rg6 Kf4 66.Rf6+ Ke5 67.Rf8 Ke6 68.Kg5 Ke7 69.Rf2 Ra5+ 70.Kg6 Ra1 71.h6 Rg1+  1/2-1/2

[Event "Nord Cup 2nd"]
[Site "Duesseldorf"]
[Date "1996.??.??"]
[Round "7"]
[White "Savic, Robert"]
[Black "Ciornei, Dragos"]
[Result "1/2-1/2"]
[WhiteElo "1985"]
[BlackElo "2090"]

1.Nf3 g6 2.d4 Nf6 3.c4 Bg7 4.Nc3 O-O 5.e4 d6 6.Be2 e5 7.O-O exd4 8.Nxd4 Re8
9.f3 Nc6 10.Be3 Nh5 11.Nd5 Nxd4 12.Bxd4 Bxd4+ 13.Qxd4 c6 14.Nc3 Nf4 15.Kh1 Qg5
16.Qf2 d5 17.cxd5 cxd5 18.Bb5 Rd8 19.exd5 Nxd5 20.Ne4  1/2-1/2

[Event "RUS-ch U20"]
[Site "Ekaterinburg"]
[Date "1996.??.??"]
[Round "4"]
[White "Belozerov, Andrei"]
[Black "Dyachkov, Sergej"]
[Result "1-0"]
[WhiteElo "2430"]
[BlackElo "2505"]

1.d4 Nf6 2.c4 g6 3.Nc3 Bg7 4.e4 d6 5.Nf3 O-O 6.Be2 e5 7.d5 Nbd7 8.Bg5 h6
9.Bh4 a6 10.Nd2 Qe8 11.O-O Nh7 12.f3 h5 13.b4 Bh6 14.Kh1 f5 15.exf5 gxf5
16.Qc2 Kh8 17.Bd3 Qg6 18.Rae1 Rg8 19.g3 Ndf8 20.c5 Qg7 21.Nc4 Ng6 22.cxd6 b5
23.Ne3 Nxh4 24.dxc7 Bxe3 25.Rxe3 f4 26.Bxh7 fxe3 27.Bxg8 Bh3 28.Rg1 Rxg8
29.Qe4 Qf6 30.Qxe3 Qxf3+ 31.Qxf3 Nxf3 32.Rc1 Nd2 33.d6 e4 34.Nd5 Nc4 35.Nf6 Nxd6
36.Nxg8 Kxg8 37.Rc6 Nc8 38.Kg1 e3 39.Rxa6 Kf7 40.Ra3 e2 41.Re3 Bg4 42.Kg2 Ne7
43.h3 Bd7 44.Rxe2 Nd5 45.Re5 Nxc7 46.Rxh5 Nd5 47.a3 Ne3+ 48.Kf3 Nc4 49.g4 Nxa3
50.Rc5 Nc4 51.Kf4 Ke6 52.h4 Nb2 53.Rc3 Nc4 54.h5 Be8 55.Kg5 Nd6 56.Re3+ Kf7
57.h6 Bc6 58.h7 Kg7 59.Re7+ Kh8 60.Re6 Nf7+ 61.Kf6  1-0

[Event "Elgoibar"]
[Site "Elgoibar"]
[Date "1996.??.??"]
[Round "1"]
[White "Gomez Esteban, Juan Mario"]
[Black "Sion Castro, Marcelino"]
[Result "1-0"]
[WhiteElo "2495"]
[BlackElo "2415"]

1.d4 Nf6 2.Nf3 g6 3.c4 Bg7 4.Nc3 O-O 5.e4 d6 6.Be2 e5 7.O-O exd4 8.Nxd4 Re8
9.f3 Nc6 10.Be3 Nh5 11.Qd2 f5 12.Rad1 Nf4 13.Rf2 Nxe2+ 14.Rxe2 fxe4 15.Nxe4 Rxe4
16.fxe4 Nxd4 17.Bxd4 Bg4 18.Bxg7 Bxe2 19.Bh6 Qf6 20.Qxe2 g5 21.Qh5  1-0

[Event "RUS-ch (Women)"]
[Site "Elista"]
[Date "1996.??.??"]
[Round "8"]
[White "Ershova, Svetlana"]
[Black "Kozlovskaya, Valentina"]
[Result "1-0"]
[WhiteElo "2155"]
[BlackElo "2240"]

1.d4 d6 2.Nf3 g6 3.c4 Bg7 4.Nc3 Nf6 5.e4 O-O 6.Be2 e5 7.d5 a5 8.Bg5 h6 9.Bh4 Na6
10.Nd2 c6 11.O-O Bd7 12.Rb1 Rb8 13.a3 c5 14.Nb5 Qb6 15.Kh1 Rbe8 16.Qc2 Nh7
17.f3 Nc7 18.b4 Nxb5 19.cxb5 axb4 20.Nc4 Qc7 21.b6 Qb8 22.axb4 cxb4 23.Qb3 f5
24.Qxb4 Bf6 25.Bf2 Be7 26.exf5 gxf5 27.f4 e4 28.Bd4 Nf6 29.Rb3 Kh7 30.Rg3 Rf7
31.Ne3 Rc8 32.Bb5 Bxb5 33.Qxb5 Rd8 34.Qb2 Ne8 35.Rc1 Rc8 36.Rc2 Rxc2 37.Qxc2 Qa8
38.Nxf5 Nf6 39.Nxe7 Qa5 40.Re3 Rxe7 41.Bxf6 Re8 42.Qc7+ Kg6 43.Rg3+ Kf5 44.Qd7+  1-0

[Event "RUS-ch (Women)"]
[Site "Elista"]
[Date "1996.??.??"]
[Round "8"]
[White "Ovchinikova, Julia"]
[Black "Kovalevskaya, Ekaterina"]
[Result "0-1"]
[WhiteElo "2230"]
[BlackElo "2335"]

1.d4 Nf6 2.c4 d6 3.Nc3 Nbd7 4.e4 e5 5.Nf3 g6 6.Be2 Bg7 7.O-O O-O 8.Be3 Ng4
9.Bg5 f6 10.Bd2 Nh6 11.Qc2 Nf7 12.Rad1 c6 13.b4 f5 14.exf5 gxf5 15.dxe5 Ndxe5
16.Bf4 Qf6 17.Nd4 Bd7 18.Rfe1 Rae8 19.a4 Nxc4 20.Bxc4 Rxe1+ 21.Rxe1 Qxd4
22.Ne2 Qf6 23.Be3 d5 24.Bd4 Qg5 25.Bxg7 Qxg7 26.Bd3 Ng5 27.Kh1 Ne4 28.Rf1 Qe5
29.f3 Nd6 30.g3 Re8 31.Qd2 Kh8 32.Qg5 Nf7 33.Qf4 Qxf4 34.Nxf4 Re3 35.Kg2 Ne5
36.Be2 Rb3 37.Re1 Kg7 38.Bf1 Rb2+ 39.Kh3 Rxh2+ 40.Kxh2 Nxf3+ 41.Kg2 Nxe1+
42.Kf2 Nc2 43.b5 Kf6 44.Nd3 b6 45.bxc6 Bxc6 46.Nb2 Nd4 47.Ke3 Ne6 48.Be2 Nc5
49.Bd1 Ke5 50.Bc2 d4+ 51.Ke2 Bd5  0-1

[Event "RUS-ch"]
[Site "Elista"]
[Date "1996.??.??"]
[Round "9"]
[White "Notkin, Maksim"]
[Black "Nevostrujev, Vladimir"]
[Result "1/2-1/2"]
[WhiteElo "2520"]
[BlackElo "2405"]

1.d4 Nf6 2.c4 g6 3.Nc3 Bg7 4.e4 d6 5.Nf3 O-O 6.Be2 e5 7.Be3 exd4 8.Nxd4 Re8
9.f3 Nc6 10.O-O Nh5 11.Nc2 f5 12.Qd2 Be6 13.Rad1 f4 14.Bf2 Be5 15.b4 Qf6
16.Nd5 Qg7 17.b5 Nd8 18.c5 c6 19.bxc6 bxc6 20.Ndb4 dxc5 21.Bxc5 a5 22.Na6 Bxa2
23.Bb6 Bb3 24.Nc5 Bxc2 25.Bc4+ Kh8 26.Qxc2 Rb8 27.Nd7 Rxb6 28.Nxb6 Bd4+ 29.Rxd4 Qxd4+
30.Qf2 Qxf2+ 31.Kxf2 Nf6 32.Ra1 Nb7 33.Ba6 Nc5 34.Rxa5 Rb8 35.Rxc5 Rxb6 36.Bd3 Kg7
37.Ke2 Nd7 38.Rc3 Ne5 39.Bc2 Kf6 40.Kd2 g5 41.Rc5 Rb5 42.Rxb5 cxb5 43.Kc3 h5
44.h3 Ke7 45.Kb4 Nc4 46.Bd3 Ne3 47.Bxb5 Kd6 48.Be8 h4 49.Kc3 Ke5 50.Bd7 Nxg2
51.Kd3 Ne1+ 52.Ke2 Nc2 53.Kf2 Kd4 54.Ba4 Nb4 55.Bb5 Kc5 56.Bd7 Nd3+ 57.Ke2 Kd4
58.Bc8 Ne5 59.Bg4  1/2-1/2

[Event "Espoo op"]
[Site "Espoo"]
[Date "1996.??.??"]
[Round "?"]
[White "Veingold, Aleksandr"]
[Black "Pyhala, Antti"]
[Result "1-0"]
[WhiteElo "2425"]
[BlackElo "2330"]

1.d4 Nf6 2.Nf3 g6 3.c4 Bg7 4.Nc3 O-O 5.e4 d6 6.Be2 Na6 7.O-O e5 8.Be3 c6
9.d5 Ng4 10.Bg5 f6 11.Bd2 f5 12.Bg5 Nf6 13.exf5 gxf5 14.Qd2 c5 15.Bh6 f4
16.Bxg7 Kxg7 17.Kh1 Kh8 18.Bd3 Rg8 19.g3 Qe8 20.Ne4 Qh5 21.Nxf6 Qxf3+ 22.Kg1 Bg4
23.Rae1 Rg6 24.Bxg6 hxg6 25.Nxg4 Qxg4 26.f3 Qh5 27.Kh1 Rf8 28.Re4 Nb8 29.gxf4 Qh6
30.Qg2 Nd7 31.fxe5 Nxe5 32.f4 Qh4 33.Re3 Qf6 34.fxe5 Qxf1+ 35.Qxf1 Rxf1+
36.Kg2 Rf8 37.exd6 Rd8 38.Re6 Kg7 39.Re7+ Kf6 40.Rxb7 Rxd6 41.Rxa7 Ke5 42.b3 Kd4
43.Kg3 Rd8 44.Kg4  1-0

[Event "FIN-chT 9596"]
[Site "FIN"]
[Date "1996.??.??"]
[Round "3"]
[White "Lassila, Erkki"]
[Black "Nippula, Timo"]
[Result "1-0"]
[WhiteElo "2190"]
[BlackElo "2275"]

1.d4 Nf6 2.c4 g6 3.Nc3 Bg7 4.e4 d6 5.Nf3 O-O 6.Be2 e5 7.O-O exd4 8.Nxd4 Re8
9.f3 Nh5 10.g4 Nf6 11.Bg5 Nc6 12.Nc2 h6 13.Bh4 Ne7 14.Qd2 Kh7 15.Ne3 Neg8
16.Bg3 h5 17.h3 Bh6 18.Qd3 hxg4 19.hxg4 Nh5 20.gxh5 Bh3 21.hxg6+ fxg6 22.Ng2 Nf6
23.f4 Qd7 24.Rae1 Bg7 25.Bf3 Rh8 26.e5 Bf5 27.Ne4 Nxe4 28.Bxe4 Raf8 29.Bxf5 Rxf5
30.Nh4 Rh5 31.Qxg6+ Kg8 32.exd6 Kf8 33.Re7 Bd4+ 34.Kg2 Qc6+ 35.Rf3  1-0

[Event "Finkenstein op"]
[Site "Finkenstein"]
[Date "1996.??.??"]
[Round "1"]
[White "Kostanjsek, Zorko"]
[Black "Vidali, Joze"]
[Result "1-0"]
[WhiteElo "2205"]
[BlackElo "1755"]

1.Nf3 Nf6 2.c4 g6 3.Nc3 Bg7 4.e4 d6 5.d4 O-O 6.Be2 Nbd7 7.O-O e5 8.Re1 a6
9.d5 b6 10.Bg5 h6 11.Bh4 g5 12.Bg3 Nh5 13.Nd2 Nxg3 14.fxg3 Nf6 15.Nf1 Bd7
16.Ne3 Qc8 17.Rf1 b5 18.cxb5 Bxb5 19.Bxb5 axb5 20.Nf5 Qd7 21.Nxh6+ Kh7 22.Nf5 b4
23.Nb1 Rh8 24.Nd2 Kg8 25.Qe2 Kf8 26.Rf2 Ne8 27.Qc4 Nf6 28.Qe2 Nh5 29.Nc4 f6
30.Nce3 Kg8 31.Qc4 Bf8 32.Qxb4 Kf7 33.Qb7 Rc8 34.a4 Kg6 35.a5 Be7 36.Rc2 Ng7
37.a6 Bd8 38.a7 Nxf5 39.exf5+  1-0

[Event "Finkenstein op"]
[Site "Finkenstein"]
[Date "1996.??.??"]
[Round "2"]
[White "Hicker, Harald"]
[Black "Videki, Sandor"]
[Result "0-1"]
[WhiteElo "2105"]
[BlackElo "2405"]

1.Nf3 Nf6 2.d4 g6 3.c4 Bg7 4.Nc3 O-O 5.e4 d6 6.Be2 e5 7.d5 a5 8.O-O Na6 9.Ne1 Nc5
10.f3 Nh5 11.g3 f5 12.exf5 gxf5 13.Nd3 Nxd3 14.Bxd3 Qe8 15.Bg5 Qg6 16.Qd2 Bf6
17.Bxf6 Rxf6 18.Rf2 Bd7 19.Rg2 Kh8 20.Re1 Rg8 21.c5 Qf7 22.cxd6 cxd6 23.Bb5 Rfg6
24.Bxd7 Qxd7 25.Ree2 b5 26.Nd1 Qa7+ 27.Kh1 f4 28.g4 Nf6 29.h3 Qc5 30.Nc3 b4
31.Ne4 Nxe4 32.Rxe4 Rc8 33.Ree2 Rgg8 34.Qd1 Qc1 35.Rd2 Rc5 36.b3 Rgc8 37.Qxc1 Rxc1+
38.Rg1 R1c3 39.Kg2 Re3 40.Rf1 Rcc3 41.Rff2 Kg7 42.h4 Kf6 43.Rd1 h6 44.Rdd2 e4
45.g5+ hxg5 46.hxg5+ Kxg5 47.fxe4 Kg4 48.Rd4 Rc1 49.Rfd2 Rg3+ 50.Kf2 Rcg1
51.Ke2 Re3+ 52.Kf2 Ree1 53.Rc2 Rgf1+ 54.Kg2 f3+  0-1

[Event "Finkenstein op"]
[Site "Finkenstein"]
[Date "1996.??.??"]
[Round "8"]
[White "Hicker, Harald"]
[Black "Praznik, Niko"]
[Result "0-1"]
[WhiteElo "2105"]
[BlackElo "2145"]

1.Nf3 Nf6 2.d4 d6 3.c4 Nbd7 4.Nc3 e5 5.e4 g6 6.Be2 Bg7 7.O-O O-O 8.d5 Nc5
9.Qc2 a5 10.Ne1 Nfd7 11.Nd3 f5 12.f3 f4 13.Bd2 g5 14.Nf2 h5 15.b3 Rf7 16.a3 b6
17.b4 Nb7 18.Rfc1 Bf8 19.Ncd1 Rg7 20.h3 Nf6 21.Be1 Qe8 22.Rab1 Qg6 23.Rb3 Be7
24.Rcb1 Bd7 25.Rc3 Kf7 26.Nb2 g4 27.hxg4 hxg4 28.fxg4 Nxg4 29.Nxg4 Bxg4 30.Qd1 Bxe2
31.Qxe2 Rh8 32.Qf3 Rgh7 33.g3 Ke8 34.Qg2 Qg4  0-1

[Event "FRA-ch"]
[Site "France"]
[Date "1996.??.??"]
[Round "14"]
[White "Touzane, Olivier"]
[Black "Apicella, Manuel"]
[Result "1/2-1/2"]
[WhiteElo "2495"]
[BlackElo "2560"]

1.d4 Nf6 2.c4 g6 3.Nc3 Bg7 4.e4 d6 5.Nf3 O-O 6.Be2 e5 7.dxe5 dxe5 8.Qxd8 Rxd8
9.Nd5 Nxd5 10.cxd5 c6 11.Bg5 Re8 12.Bc4 cxd5 13.Bxd5 Na6 14.O-O-O Nc7 15.Bb3 a5
16.a3 a4 17.Ba2 b5 18.Bd2 Be6 19.Bxe6 Nxe6 20.Bb4 Nd4 21.Nxd4 exd4 22.Rhe1 Rac8+
23.Kd2 Rc4 24.Kd3 Rec8 25.e5 Bf8 26.Bxf8 Kxf8 27.Rd2 b4 28.axb4 Rxb4 29.Re4 Rb3+
30.Ke2 Rc4 31.Rexd4 Rxd4 32.Rxd4 Rxb2+ 33.Ke3 a3 34.Ra4 a2 35.Ra7 Ke8 36.h4 Kd8
37.g4 Kc8 38.f4 Kb8 39.Ra5 Kc7 40.f5 gxf5 41.gxf5 Rh2 42.Kf4 h6 43.Kg4 Kb6  1/2-1/2

[Event "GER-chT Seniors"]
[Site "Freudenstadt"]
[Date "1996.??.??"]
[Round "4"]
[White "Servaty, Rudolf"]
[Black "Schulz, Wolfgang"]
[Result "0-1"]
[WhiteElo "2290"]
[BlackElo "2105"]

1.d4 Nf6 2.Nf3 g6 3.c4 Bg7 4.Nc3 O-O 5.e4 d6 6.Be2 e5 7.O-O Na6 8.Re1 c6
9.Bf1 exd4 10.Nxd4 Re8 11.Bg5 Qa5 12.Bf4 Nc5 13.Nb3 Qb6 14.Nxc5 dxc5 15.Qc2 Nd7
16.Rad1 Bd4 17.e5 Nxe5 18.Ne4 Bf5 19.Nf6+ Kh8 20.Qb3 Qxb3 21.axb3 Nf3+ 22.gxf3 Bxf6
23.Rxe8+ Rxe8 24.Be3 b6 25.Rd6 Be5 26.Rd2 Kg7 27.Bd3 Bxd3 28.Rxd3 Re7 29.Rd2 Kf6
30.h4 Kf5 31.Kf1 h5 32.Kg2 f6 33.Rd8 Bxb2 34.Rc8 Be5 35.Rxc6 Rd7 36.f4 Bb2
37.Kf3 Rd3 38.b4 cxb4 39.c5 bxc5 40.Rxc5+ Ke6 41.Ra5 Ra3 42.Rb5 Bc3 43.Ke2 b3
44.Kd3 b2 45.Kc2 Ra1 46.f5+ gxf5 47.Bf4 a5 48.f3 a4  0-1

[Event "Frydek-Mistek (Women)"]
[Site "Frydek-Mistek"]
[Date "1996.??.??"]
[Round "1"]
[White "Bobrowska, Monika"]
[Black "Kiseleva, Natalia"]
[Result "1/2-1/2"]
[WhiteElo "2305"]
[BlackElo "2270"]

1.d4 Nf6 2.Nf3 g6 3.c4 Bg7 4.Nc3 O-O 5.e4 d6 6.Be2 e5 7.d5 a5 8.Bg5 h6 9.Bh4 Na6
10.Nd2 Qe8 11.a3 Bd7 12.b3 Nh7 13.O-O h5 14.f3 Bh6 15.Rb1 f5 16.exf5 gxf5
17.f4 exf4 18.Kh1 Qe5 19.Nb5 Nf6 20.Re1 Ne4 21.Bxh5 Bxb5 22.cxb5 Nac5 23.b4 axb4
24.axb4 Nd3 25.Nf3 Qxd5 26.Rf1 Ra2  1/2-1/2